<?xml version="1.0" encoding="UTF-8"?>
<marc:record xmlns:marc="http://www.loc.gov/MARC21/slim">
   <marc:leader>00000nam a2200000 a 4500</marc:leader>
   <marc:datafield ind1="1" ind2=" " tag="100">
      <marc:subfield code="a">Bl zquez, Manuel Garc¡a</marc:subfield>
      <marc:subfield code="4">aut</marc:subfield>
      <marc:subfield code="e">Verfasser/-in</marc:subfield>
   </marc:datafield>
   <marc:datafield ind1="0" ind2="0" tag="245">
      <marc:subfield code="a">Madrid und Umgebung</marc:subfield>
   </marc:datafield>
   <marc:datafield ind1=" " ind2="1" tag="264">
      <marc:subfield code="a">[s.l.]</marc:subfield>
      <marc:subfield code="b">Dumont Reiseverlag</marc:subfield>
      <marc:subfield code="c">2014</marc:subfield>
   </marc:datafield>
   <marc:datafield ind1="1" ind2=" " tag="490">
      <marc:subfield code="a">DuMont Reise-Taschenbuch</marc:subfield>
   </marc:datafield>
   <marc:datafield ind1=" " ind2=" " tag="250">
      <marc:subfield code="a">1. Aufl.</marc:subfield>
   </marc:datafield>
   <marc:datafield ind1="1" ind2=" " tag="520">
      <marc:subfield code="a">In der Drei-Millionen-Metropole im Zentrum der Iberischen Halbinsel scheint sich das Beste aus ganz Spanien zu b&#x81;ndeln. Ob Mode, Kunst oder Gastronomie, Film oder Musik - Madrid ist die B&#x81;hne Spaniens, auf der entschieden wird, was Erfolg und Zukunft hat.&lt;br/&gt;Sie bietet viele weitere Tr&#x81;mpfe, etwa eine schier unglaubliche Menge an Kunst, die Besucher massenhaft zum Stadtboulevard Paseo del Prado, der Madrider Kunstmeile, str”men l„sst.  Dazu kommen pomp”se Stadtpal„ste und Villen, die Adel und Kaufleute einst&lt;br/&gt;mit dem Gold und Silber aus den spanischen Kolonien finanzierten. Auch Kl”ster und Kirchen stehen mit ihrer barocken Pracht f&#x81;r eine glanzvolle Vergangenheit. Das Kontrastprogramm dazu sind die fast noch beschaulich wirkenden Madrider Altstadtviertel.&lt;br/&gt;Weder die herausgeputzten Gassen rund um die historische Plaza Mayor noch die einfachen Barrios wie Lavapi‚s sollten Besucher links liegen lassen. Zumal in diesen Vierteln mit einer jungen, kreativen Szene eine zukunftsweisende Groástadtgestaltung&lt;br/&gt;begonnen hat.   Das DuMont Reise-Taschenbuch f&#x81;hrt Sie souver„n durch die groáen Museen wie durch die neuen Szeneviertel, zu den sch”nsten Aussichtspl„tzen &#x81;ber Madrid, romantischen Restaurants, kultigen Flamenco-Bars oder zum Rastro, dem ber&#x81;hmten&lt;br/&gt;Tr”delmarkt.      Auf knapp 300 Seiten stellt das DuMont Reise-Taschenbuch alle Sehensw&#x81;rdigkeiten und Ausflugsziele in Madrid &#x81;bersichtlich vor, Spazierg„nge durch die Viertel, ungew”hnliche Entdeckungstouren und ausgew„hlte Aktivtouren erschlieáen die&lt;br/&gt;Highlights und Besonderheiten der Hauptstadt. Mit Lieblingsorten des Autors in Text und Bild, zahlreichen pers”nlichen Reisetipps und einem journalistischen Portr„t der Stadt.    Das eBook basiert auf folgender Printauflage:   4. Auflage 2015, Dumont&lt;br/&gt;Reiseverlag    Weitere Informationen finden Leser auf www.dumontreise.de.    Unser Special-Tipp:  Erstellen Sie Ihren pers”nlichen Reiseplan durch das Setzen von Lesezeichen und Erg„nzen von Notizen.</marc:subfield>
   </marc:datafield>
   <marc:datafield ind1=" " ind2=" " tag="020">
      <marc:subfield code="a">9783770174058</marc:subfield>
      <marc:subfield code="9">9783770174058</marc:subfield>
   </marc:datafield>
   <marc:datafield ind1=" " ind2=" " tag="041">
      <marc:subfield code="a">ger</marc:subfield>
   </marc:datafield>
   <marc:datafield ind1="1" ind2=" " tag="521">
      <marc:subfield code="a">0</marc:subfield>
   </marc:datafield>
   <marc:datafield ind1=" " ind2=" " tag="300">
      <marc:subfield code="a">296 S.</marc:subfield>
   </marc:datafield>
</marc:record>
